Decay and discoloration of sugar maple, (Record no. 12448)
[ view plain ]
| 000 -LEADER | |
|---|---|
| fixed length control field | 00765cam a2200241 4500 |
| 001 - CONTROL NUMBER | |
| control field | agr68000141 |
| 003 - CONTROL NUMBER IDENTIFIER | |
| control field | DLC |
| 005 - DATE AND TIME OF LATEST TRANSACTION | |
| control field | 20260227111029.0 |
| 008 - FIXED-LENGTH DATA ELEMENTS--GENERAL INFORMATION | |
| fixed length control field | 691104s1968 dcua b 000 0 eng c |
| 010 ## - LIBRARY OF CONGRESS CONTROL NUMBER | |
| LC control number | agr68000141 |
| 040 ## - CATALOGING SOURCE | |
| Original cataloging agency | U.S. Nat'l Agr. Libr. |
| Transcribing agency | DLC |
| Modifying agency | DLC |
| 070 0# - NATIONAL AGRICULTURAL LIBRARY CALL NUMBER | |
| Classification number | A423.9 F764 no. 110 |
| 100 1# - MAIN ENTRY--PERSONAL NAME | |
| Personal name | Ohman, John H., |
| Dates associated with a name | 1931- |
| 245 10 - TITLE STATEMENT | |
| Title | Decay and discoloration of sugar maple, |
| Statement of responsibility, etc. | by John H. Ohman. |
| 260 ## - PUBLICATION, DISTRIBUTION, ETC. | |
| Place of publication, distribution, etc. | [Washington, |
| Name of publisher, distributor, etc. | U.S. Govt. Print. Off.] |
| Date of publication, distribution, etc. | 1968. |
| 300 ## - PHYSICAL DESCRIPTION | |
| Extent | folder (8 p.) |
| Other physical details | illus. |
| Dimensions | 24 cm. |
| 410 10 - SERIES STATEMENT/ADDED ENTRY--CORPORATE NAME [OBSOLETE, CAN/MARC], [LOCAL, USA] | |
| Corporate name or jurisdiction name as entry element | United States. |
| Subordinate unit | Forest Service. |
| Title of a work | Forest pest leaflet |
| Volume number/sequential designation | 110 |
| 500 ## - GENERAL NOTE | |
| General note | Caption title. |
| 504 ## - BIBLIOGRAPHY, ETC. NOTE | |
| Bibliography, etc. note | Bibliography: p. 6. |
| 650 #0 - SUBJECT ADDED ENTRY--TOPICAL TERM | |
| Topical term or geographic name entry element | Sugar maple |
| General subdivision | Wounds and injuries. |
| 650 #3 - SUBJECT ADDED ENTRY--TOPICAL TERM | |
| Topical term or geographic name entry element | Acer saccharum. |
| 650 #3 - SUBJECT ADDED ENTRY--TOPICAL TERM | |
| Topical term or geographic name entry element | Trees |
| General subdivision | Decay. |
No items available.